Biblioteca

Lucian (Registro nro. 68349)

Detalles MARC
000 -LÍDER
Campo fijo de descripción fija 01332nam a2200349 i 4500
001 - NÚMERO DE CONTROL
Campo de control 768714001
003 - IDENTIFICADOR DEL NÚMERO DE CONTROL
Campo de control CO-MdFUSB
005 - FECHA Y HORA DE LA ULTIMA TRANSACCIÓN
control field 20230712105857.0
007 - CAMPO FIJO DE DESCRIPCIÓN FIJA--INFORMACIÓN GENERAL
Campo fijo de descripción fija ta
008 - ELEMENTOS DE LONGITUD FIJA -- INFORMACIÓN GENERAL
Campo fijo de descripción fija -- Información general 230119t1959 enk |||| |||| 00| 0 eng d
020 ## - NÚMERO INTERNACIONAL NORMALIZADO PARA LIBROS
Número Internacional Normalizado del libro 0674994744
040 ## - FUENTE DE CATALOGACIÓN
Agencia de catalogación original CO-MdFUSB
Idioma de catalogación spa
Agencia que realiza la transcripción CO-MdFUSB
Agencia que realiza la modificación CO-MdFUSBC
Convenciones de la descripción rda
041 ## - CÓDIGO DE IDIOMA
Código de idioma para texto/pista de sonido o título separado eng
041 ## - CÓDIGO DE IDIOMA
Código de idioma para texto/pista de sonido o título separado grc
082 ## - NÚMERO DE CLASIFICACIÓN DECIMAL DEWEY
Número de la edición del Dewey 23
Número de clasificación 888.01
Clave de autor-Numero de item LL937l
100 ## - ASIENTO PRINCIPAL--NOMBRE PERSONAL
Nombre personal Lucian, of Samosata
245 ## - TÍTULO
Título del Material Lucian
Mención de responsabilidad, etc. / traducido por K. Kilburn
264 #1 - PRODUCCIÓN, PUBLICACIÓN, DISTRIBUCIÓN, MANUFACTURA, Y COPYRIGHT
Lugar de producción, publicación, distribución, manufactura London, England :
Nombre del productor, publicador, distribuidor Harvard University Press,
Fecha de producción, publicación, distribución, manufactura, o copyright [1959]
264 #4 - PRODUCCIÓN, PUBLICACIÓN, DISTRIBUCIÓN, MANUFACTURA, Y COPYRIGHT
Fecha de producción, publicación, distribución, manufactura, o copyright © 1959
300 ## - DESCRIPCIÓN FÍSICA
Extensión 495 páginas
Dimensiones ; 17 cm
336 ## - TIPO DE CONTENIDO
Fuente rdacontent
Término de tipo de contenido texto
Código de tipo de contenido txt
337 ## - TIPO DE MEDIO
Fuente rdamedia
Nombre del tipo de medio sin mediación
Código del tipo de medio n
338 ## - TIPO DE SOPORTE
Fuente rdacarrier
Nombre del tipo de soporte volumen
Código Tipo de soporte nc
490 ## - MENCIÓN DE SERIE
Mención de serie The Loeb Classical Library
505 ## - NOTA DE CONTENIDO
Nota de contenido con formato preestablecido Vol. VI: Cómo escribir historia -- Los Dipsads -- Saturnales -- Heródoto o Aetion -- Zeuxis o Antíoco -- Un lapsus al saludar -- Apología de los puestos asalariados en casas grandes -- Harmonides -- Una conversación con Hesíodo -- El escita o el consejo -- Hermótimo o sobre las sectas -- Al uno que dijo que eres un Prometeo en palabras - el barco o los deseos
563 ## - NOTA DE ENCUADERNACIÓN
Nota de encuadernación Pasta dura
650 #7 - ASIENTO SECUNDARIO DE MATERIA - TERMINO TEMÁTICO
9 (RLIN) 109
Término temático o nombre geográfico como elemento de entrada Literatura clásica
700 ## - ASIENTO SECUNDARIO - NOMBRE PERSONAL
9 (RLIN) 7742
Nombre personal Kilburn, K.,
Responsabilidad traductor
942 ## - TIPO DE MATERIAL (KOHA)
Tipo de Item KOHA Libros de Referencia
945 ## - INFORMACIÓN LOCAL DEL REGISTRO
Catalogador JTF-925
Existencias
Estado de Material Estado de Perdido Forma de Clasificación Volumen-Parte/Tomo Estado de Dañado No para Préstamo Colección Biblioteca de Origen Biblioteca Permanente Ubicación en Estantería Fecha de Adquisición Área Total de Préstamos Signatura Topográfica Código de Barras Última vez visto Ejemplar/Existencia Fecha de Remplazo Tipo de Material
    Dewey Decimal Classification Vol. 6     Colección de Referencia Biblioteca FUSBC Biblioteca FUSBC Clásicos 19/01/2023 LITERATURA   R 888.01 LL937l 24569 19/01/2023 Ej. 1 19/01/2023 Libros de Referencia

Biblioteca FUSBC | Teléfono: (57+4) 349 88 10 Ext. 141| WhatsApp (+57) 3005338115 
E-mail: biblioteca@unisbc.edu.co | Calle 76 87-14 Robledo Palenque, Medellín, Colombia

Con tecnología Koha